University Home | Library Home | Institutional Repository

Current therapy in large animal theriogenology/ (Record no. 3086)

MARC details
000 -LEADER
fixed length control field 00717cas a2200217 4500
003 - CONTROL NUMBER IDENTIFIER
control field OSt
005 - DATE AND TIME OF LATEST TRANSACTION
control field 20240227112919.0
008 - FIXED-LENGTH DATA ELEMENTS--GENERAL INFORMATION
fixed length control field 190328n eng u
020 ## - INTERNATIONAL STANDARD BOOK NUMBER
International Standard Book Number 0721653960
035 ## - SYSTEM CONTROL NUMBER
System control number (Sirsi) a210715
040 ## - CATALOGING SOURCE
Transcribing agency CIP
050 ## - LIBRARY OF CONGRESS CALL NUMBER
Classification number SF 871 YOU 1997
100 ## - MAIN ENTRY--PERSONAL NAME
Personal name Youngquist, Robert S.
245 ## - TITLE STATEMENT
Title Current therapy in large animal theriogenology/
Statement of responsibility, etc. Robert S. Youngquist
260 ## - PUBLICATION, DISTRIBUTION, ETC.
Place of publication, distribution, etc. Philadelphia:
Name of publisher, distributor, etc. Saunders,
Date of publication, distribution, etc. 1997
300 ## - PHYSICAL DESCRIPTION
Extent xxiv, 898p.:
Other physical details ill.
504 ## - BIBLIOGRAPHY, ETC. NOTE
Bibliography, etc. note Includes bibliographical references and index
650 ## - SUBJECT ADDED ENTRY--TOPICAL TERM
Topical term or geographic name entry element Theriogenology
856 ## - ELECTRONIC LOCATION AND ACCESS
Uniform Resource Identifier <a href="https://vetbooks.ir/current-therapy-in-large-animal-theriogenology-2nd-edition/">https://vetbooks.ir/current-therapy-in-large-animal-theriogenology-2nd-edition/</a>
Link text second edition
Public note Download PDF
942 ## - ADDED ENTRY ELEMENTS (KOHA)
Source of classification or shelving scheme Library of Congress Classification
Koha item type Book
Holdings
Withdrawn status Lost status Source of classification or shelving scheme Damaged status Not for loan Home library Current library Shelving location Total Checkouts Full call number Barcode Date last seen Copy number Price effective from Koha item type
    Library of Congress Classification     Vet Medicine Library Vet Medicine Library On Shelf   SF 871 YOU 1997 33729001654925 08/09/2019 1 08/09/2019 Book
© 2026 - The University of Zambia Library - Koha v25.11